000 00506nam a2200169 i 4500
001 39457
003 ES-MaACL
005 20240428063030.0
007 t|
008 030303s1956 sp ||||1| spa d
100 0 _aCancio, Jesús,
_d1885-1961
_934433
245 1 0 _aBronces de mi costa
_b: (prosa y verso) /
_cJesús Cancio.
260 _aMadrid :
_b[s.n.,
_c1956] (
_fImp. Aro)
300 _a170 p. :
_b1 retr. aut. ;
_c20 cm.
852 _aES-MaACL
_jC-14512
_bR.39808
999 _c39457
_d39457